| 000 | 00452 a2200157 4500 | ||
|---|---|---|---|
| 082 | _a001.432 | ||
| 090 |
_c1310 _d1310 |
||
| 100 | _aBarzun, Jacques. | ||
| 245 |
_aThe modern researcher _cJacques Barzun & Henry F. Graff. |
||
| 250 | _a6th | ||
| 260 |
_aIslamabad : _bNational Book Foundation. |
||
| 300 |
_axiii, 322 p. ; _c 24 cm. |
||
| 500 | _aIncludes Index | ||
| 650 | _a 1.Academic writing.2.Research.3.Historiography. | ||
| 942 |
_cBK _k001.432 BAR |
||
| 999 |
_c5266 _d5266 |
||